00943nam a22002535a 4500008004100000020001800041040003800059082002100097100002200118245009800140260005000238300003300288500002500321504004200346590001800388650002900406650002800435651001000463653002500473700002400498942000800522999001700530952014200547161110t2016 maua frb 001 0 eng d a9780128025109 aEG-ScBUEbengcEG-ScBUEdEG-ScBUE04222a005.745bLIN1 aLinstedt, Daniel.10aBuilding a scalable data warehouse with Data Vault 2.0 /cDaniel Linstedt, Michael Olschimke. aWaltham :bMorgan Kaufmann / Elsevier,c2016. axx, 661 p. :bill. ;c25 cm. aIndex : p. 649-661.  aIncludes bibliographical references.  aSuzan Ashmawy 7aData warehousing.2BUEsh 7aDatabase design.2BUEsh 2BUEsh bCOMSCIcNovember20161 aOlschimke, Michael. 2ddc c23083d23055 00102ddc40708BaccahaMAINbMAINcLOWd2016-11-10ePurchaseg665.00h25137l0o005.745 LINp000045100r2025-07-15 00:00:00v831.25yBB